000 00603nam a22001817a 4500
005 20251108170852.0
008 250721s1995 xx 000 0 ara d
082 1 4 _a811.909/سام
100 1 _aالسامرائي، ماجد
_eمؤلف
245 1 0 _aتجليات الحداثة :
_bقرأة في الإبداع العربي المعاصر /
264 1 _aدمشق :
_bالأهالي للنشر و التوزيع،
_c1995.
300 _a267ص.
650 1 7 _aالشعر العربي
650 1 7 _aالنقد الأدبي
650 1 7 _aالأدب العربي
942 _2ddc
_cBK
999 _c50936
_d50936